Movies Quiz

Random Movies or Actor Quiz

Movies With Many Stars 3 Quiz Stats

 Plays Quiz not verified by Sporcle

Challenge
Share
Tweet
Embed
Score 0/80 Timer 10:00
0 Plays Today
% Correct
Johnny Depp
97%
Johnny Depp
97%
Ben Affleck
94.1%
Orlando Bloom
94.1%
Orlando Bloom
94.1%
Nicolas Cage
93.1%
Tom Cruise
91.6%
Ben Stiller
91.1%
Keira Knightley
90.6%
Robin Williams
88.1%
Geoffrey Rush
78.2%
Josh Hartnett
70.8%
Colin Farrell
70.8%
Josh Hartnett
70.8%
Owen Wilson
70.3%
Angelina Jolie
64.4%
Kate Beckinsale
62.9%
Jon Voight
61.4%
Jon Voight
61.4%
Samuel L. Jackson
59.9%
Salma Hayek
58.4%
Antonio Banderas
56.4%
Bill Nighy
51%
Bill Nighy
51%
Sandra Bullock
51%
Amy Adams
50%
Matthew McConaughey
41.6%
Diane Kruger
40.1%
Ewan McGregor
40.1%
Helen Mirren
38.6%
Ed Harris
37.1%
Alec Baldwin
34.7%
Keith Richards
32.7%
Cuba Gooding Jr.
31.7%
Anthony Hopkins
31.2%
Sean Bean
30.7%
Kevin Spacey
28.2%
Jennifer Garner
26.2%
Rosario Dawson
26.2%
Chow Yun-Fat
26.2%
% Correct
Hank Azaria
26.2%
Rosario Dawson
26.2%
Justin Bartha
25.7%
Donald Sutherland
25.7%
Kiefer Sutherland
25.7%
Stellan Skarsgard
24.3%
Steve Coogan
23.3%
Uma Thurman
23.3%
Steve Coogan
23.3%
Eric Bana
23.3%
Tom Sizemore
22.8%
Jared Leto
20.8%
Danny Trejo
20.8%
Harvey Keitel
20.3%
Ricky Gervais
18.3%
Val Kilmer
17.8%
Logan Lerman
17.8%
Tom Wilkinson
15.8%
Kenneth Branagh
15.8%
Mickey Rourke
15.8%
Pierce Brosnan
15.8%
Willem Dafoe
14.9%
Chris Cooper
13.9%
Bruce Greenwood
13.4%
Oliver Platt
12.4%
Eva Mendes
10.4%
Christopher Plummer
9.9%
Jonas Brothers
9.9%
Enrique Iglesias
9.4%
Dan Aykroyd
8.4%
Eddie Izzard
7.9%
Bernard Hill
7.9%
William Fichtner
7.4%
Catherine Keener
6.9%
Jonathan Rhys Meyers
6.4%
Carice Van Houten
6.4%
Jeremy Piven
6.4%
Terence Stamp
5.9%
Joe Pantoliano
5%
Jason Isaacs
5%

You're not logged in!

Compare scores with friends on all Sporcle quizzes.
Join for Free
OR
Log In

You Might Also Like...

Show Comments

Extras

Top Quizzes Today


Score Distribution

Your Account Isn't Verified!

In order to create a playlist on Sporcle, you need to verify the email address you used during registration. Go to your Sporcle Settings to finish the process.

Report this User

Report this user for behavior that violates our Community Guidelines.

Details: